Score 0/16 Timer 06:00
0 Plays Today
Range Singer/Group % Correct
2:56-3:15Bing Crosby
84.2%
0:00-0:22Frank Sinatra
80%
0:23-0:29Elvis Presley
73.7%
1:46-1:56Louis Armstrong
60.1%
2:44-2:55The Beach Boys
51.2%
0:38-0:46Dean Martin
48.5%
1:34-1:45Kenny G
48%
0:30-0:37Taylor Swift
36.7%
Range Singer/Group % Correct
1:11-1:23Elton John
33.7%
1:01-1:10Rascal Flatts
28.4%
0:55-1:00Neil Diamond
27%
2:24-2:35Michael Bolton
25%
1:24-1:33Johnny Mathis
21.4%
1:57-2:23Mormon Tabernacle Choir
19.7%
2:36-2:43Gloria Estefan
16.5%
0:47-0:54The Drifters
8.8%
Remove Ads.
Support Sporcle.
Get the best of Sporcle when you Go Orange. This ad-free experience offers more features, more stats, and more fun while also helping to support Sporcle. Thank you for becoming a member.

You're not logged in!

Compare scores with friends on all Sporcle quizzes.
OR
Log In

Show Comments

Extras

Top Quizzes Today


Score Distribution

Your Account Isn't Verified!

In order to create a playlist on Sporcle, you need to verify the email address you used during registration. Go to your Sporcle Settings to finish the process.

Report this User

Report this user for behavior that violates our Community Guidelines.

Details: